00705nam a2200265Ia 4500008004100000020001600041050000800057050001000065100002100075245002000096245005700116260001500173260003400188260000900222300002600231300002700257300001000284650002100294650001600315650002300331650002200354650002200376650002200398999001900420170203s9999 xx 000 0 und d a0-375924779 aFic bH813g aHorning, Sandra. 4aThe giant hug / cby Sandra Horning ; illustrated by Valeri Gorbachev. aNew York : bDistributed by Random House,  c2005 a1 volume (unpaged) :  bcolor illustrations ;  c29 cm aGrandmothers --  aHugging --  aPostal service --  xJuvenile fiction. xJuvenile fiction. xJuvenile fiction. c306541d306541